000 00888nam a22002777a 4500
999 _c29233
_d29204
003 EG-ScBUE
005 20210712122546.0
008 200219s2009 enkbo f bd 001 0 eng d
020 _a9780749217112
040 _aEG-ScBUE
_beng
_erda
_cEG-ScBUE
_dEG-ScBUE
082 0 4 _a325.32
_bHOW
_222
245 0 0 _aHow do empires work ? :
_bhow were empires experienced ?.
264 1 _aMilton Keynes :
_bOpen University,
_c2009.
300 _a374 pages :
_bmaps, photographs ;
_c24 cm.
336 _2rdacontent
_atext
_btxt
337 _2rdamedia
_aunmediated
_bn
338 _2rdacarrier
_avolume
_bnc
490 0 _aA326 Empire : 1492-1975
500 _aIncludes glossary.
500 _aIncludes appendix.
504 _aIncludes bibliographical references and index.
650 7 _aImperialism
_xHistory.
_2BUEsh
653 _bGGEN
_cJuly2021
655 _vReading book
_934232
942 _2ddc
_cBB